00382nam a22001457a 4500003000400000005001700004008004100021020001800062040000900080082001500089100003200104245004400136260004200180300001400222OSt20210412142114.0210412b ||||| |||| 00| 0 eng d a9788182719101 coclc a297bKAR/L a Karakunnu, Sheikh Mohammed aLokanugrahi/cShaikh Muhammed Karakunnu aKozhikode:b Islamic Publishing House a142 pages